Normal view MARC view
  • Howard Humphreys & Partners.

Entry Corporate Name

Number of records used in: 1

001 - CONTROL NUMBER

  • control field: 25541

003 - CONTROL NUMBER IDENTIFIER

  • control field: NUST

005 - DATE AND TIME OF LATEST TRANSACTION

  • control field: 20191112121446.0

008 - FIXED-LENGTH DATA ELEMENTS

  • fixed length control field: 191112|| aca||aabn | a|a d

040 ## - CATALOGING SOURCE

  • Original cataloging agency: NUST
  • Transcribing agency: NUST

110 ## - HEADING--CORPORATE NAME

  • Corporate name or jurisdiction name as entry element: Howard Humphreys & Partners.

670 ## - SOURCE DATA FOUND

  • Source citation: Work cat.: (NUST)0: Managing demolition and construction wastes :, 1994.
© 2023 Central Library, National University of Sciences and Technology. All Rights Reserved.